000 00411nam a22001697a 4500
005 20160622101111.0
008 160622b xxu||||| |||| 00| 0 eng d
020 _a81-219-2524-X
041 _aeng
082 _b9101
100 _aKhurmi, R.S. and Gupta, J.K.
_92440
245 _aTheory of Mahine
260 _a New Delhi
_bSultan Chand & Sons,
300 _a1062
650 _aManagement
_9241
942 _cBK
999 _c3464
_d3463